Ruth: (Record no. 3745)

000 -LEADER
fixed length control field 00525nam a2200181 a 4500
001 - CONTROL NUMBER
control field :::00001478$&:&@@
003 - CONTROL NUMBER IDENTIFIER
control field OkBaRHE
005 - DATE AND TIME OF LATEST TRANSACTION
control field 20000607103244.0
008 - FIXED-LENGTH DATA ELEMENTS--GENERAL INFORMATION
fixed length control field s1945 j 000 0 eng u
040 ## - CATALOGING SOURCE
Transcribing agency
100 1# - MAIN ENTRY--PERSONAL NAME
Personal name Petrie, Arthur.
245 10 - TITLE STATEMENT
Title Ruth:
Remainder of title the redeemed.
260 ## - PUBLICATION, DISTRIBUTION, ETC. (IMPRINT)
Place of publication, distribution, etc Grand Rapids, MI., :
Name of publisher, distributor, etc Zondervan Publishing House
Date of publication, distribution, etc c1945
300 ## - PHYSICAL DESCRIPTION
Extent 34 p. ;
Dimensions : 19 cm.
650 ## - SUBJECT ADDED ENTRY--TOPICAL TERM
Topical term or geographic name as entry element Ruth.
942 ## - ADDED ENTRY ELEMENTS (KOHA)
Source of classification or shelving scheme
Koha item type Books
Copies
Damaged status Not for loan Current Location Koha item type Date last seen Price effective from Source of classification or shelving scheme Permanent Location Lost status Shelving location Full call number Copy number Withdrawn status Date acquired Barcode
  RHEMA Bible Training CollegeBooks2010-04-142010-04-14 RHEMA Bible Training College General StacksBS 580 .R8 P481 2010-04-141478